MCU Characters (Hard) - Statistics

General Stats
  • This quiz has been taken 339 times
  • The average score is 64 of 86
Answer Stats
Movie and Description Answer % Correct
Iron Man - Billionaire kidnapped by terrorists to becomes super hero Iron Man
100%
Iron Man - Tony Stark's personal assistant Pepper Potts
94%
Iron Man 2 - Tony Stark's personal computer system J.A.R.V.I.S
93%
Captain America: The First Avenger - A frail man who became a super soldier Steve Rogers
93%
The Incredible Hulk - A biochemist who got exposed to gamma radiation The Hulk
93%
Iron Man 2 - Stark's military friend's superhero name War Machine
93%
Thor - Thor's adoptive brother and the god of mischeif Loki
92%
Thor - The crown prince of Asgard, the god of thunder, weilds a hammer Thor
92%
The Avengers - Director of S.H.E.I.L.D and man who brought the avengers together Nick Fury
91%
Thor - The ruler of Asgard and Thor's father Odin
91%
Captain America: The First Avenger - An SSR agent and Roger's love interest Peggy Carter
91%
Iron Man 2 - An undercover S.H.E.I.L.D agent acting as Stark's assistant Black Widow
90%
The Avengers - Master archer working as an agent of S.H.E.I.L.D Clint Barton
90%
Guardians of the Galaxy - The adoptive daughter of Thanos Gamora
90%
Captain America: The First Avenger - Father of Tony Stark Howard Stark
90%
Guardians of the Galaxy - Human kidnapped by a group called the Ravagers Peter Quill
90%
Black Panther - The King of Wakanda and has a vibranium suit Black Panther
89%
Captain America: The First Avenger - Steve Roger's best friend and a howling commando Bucky Barnes
89%
Avengers: Age of Ultron - A twin with superhuman speed Quicksilver
89%
Guardians of the Galaxy - A man seeking revenge for the death of his family Drax the Destroyer
88%
Thor - A scientist and Thor's love interest Jane Foster
88%
Ant-Man - A petty crook turned superhero with a shrinking suit Scott Lang
88%
Captain America: The Winter Soldier - An man with a specially designed wing pack Falcon
87%
Thor - He sees all and is the guardian of the rainbow bridge Heimdall
87%
Avengers: Age of Ultron - A twin with telekinis and hypnosis poers Scarlett Witch
87%
MCU - Man who appeared in every single MCU film Stan Lee
87%
Spider-Man: Homecoming - A 15 year old with spider like abilities Spider-Man
86%
Captain America: The Winter Soldier - Steve Roger's best friend re-emerging as an assasin Winter Soldier
86%
Spider-Man: Homecoming - The aunt of Peter Parker Aunt May
85%
Doctor Strange - A neurosurgeon who later became the Sorcerer Supreme Doctor Strange
85%
The Avengers - A high ranking female S.H.E.I.L.D agent who works closely with Fury Maria Hill
85%
The Avengers - A loyal S.H.E.I.L.D agent who's death brought the team together Phil Coulson
85%
Captain America: The First Avenger - Commander of terrorist organization, Hydra Red Skull
85%
Ant-Man - The original ant-man and founder of Pym Technologies Hank Pym
84%
Guardians of the Galaxy Vol. 2 - An adopted daughter of Thanos, sister to Gamora Nebula
84%
Black Panther - T'Challa's 16 year old sister who deisgns the technology around Wakanda Shuri
84%
Avengers: Age of Ultron - Artificial Intelligence repurposed by Tony Stark Ultron
84%
Ant-Man - The daughter of Hank Pym and board memebr of Pym technologies Hope Van Dyne
83%
Black Panther - A U.S black-ops soldier looking to overthrow his cousin, T'Challa Erik Killmonger
82%
Iron Man 3 - Head of security of Stark Industries Happy Hogan
82%
Avengers: Age of Ultron - An android created by Ultron Vision
82%
Captain America: The Winter Soldier - Granddaughter of Peggy Carter Agent 13
81%
Guardians of the Galaxy Vol. 2 - A new member of the guardians who lives with Ego Mantis
81%
Spider-Man: Homecoming - The best friend of Peter Parker Ned
81%
Doctor Strange - A master of the mystic arts and protector of Kama Taj's relics and books Wong
80%
Guardians of the Galaxy Vol. 2 - An ancient celestial and Quill's father Ego
79%
Iron Man - Stark Industries, second in command later tuned into villain Obadiah Stane
79%
Iron Man - Military friend of Tony Stark James Rhodes
78%
Captain America: Civil War - Iron Man's new computer system F.R.I.D.A.Y
77%
Thor: The Dark World - Thor's mother, killed by Malekith Frigga
77%
Guardians of the Galaxy Vol. 2 - A ravager who acted as a fatherly figure to Quill Yondu Udonta
76%
Guardians of the Galaxy - A tree like humanoid and genetically engineered raccon Groot and Rocket
75%
Captain America: Civil War - The former ruler of Wakanda T'Chaka
75%
Thor: The Dark World - The ruler of the dark elves Malekith
74%
Iron Man 2 - A rival weapons manufacturer, owner of Hammer Industries Justin Hammer
73%
Spider-Man: Homecoming - A salvager with a wing suit made of Chitauri technology The Vulture
73%
The Incredible Hulk - Bruce Banner's love interest Betty Ross
71%
The Incredible Hulk - Russian born officer who becomes a creature like the Hulk Emil Blonsky
71%
Iron Man 2 - A Russian ex-convict to exact vengeance on the Stark family Whiplash
71%
Captain America: Civil War - Man trying to tear the Avenger's apart Zemo
71%
Guardians of the Galaxy - A kree radical who wants to end Xandarians Ronan the Accuser
69%
The Incredible Hulk - A general who wants the Hulk in military captivity Thaddeus Ross
69%
Iron Man 3 - A british actor payed to take the roll of ten rings leader Trevor Slattery
69%
The Avengers - An astrophysicist and friend of Thor, under Loki's control Erik Selvig
66%
Thor: The Dark World - Thor's childhood friend and Jane Foster's romantic rival Sif
66%
Ant-Man - The current head of Pym Technologies and creator of the yellowjacket suit Darren Cross
64%
Iron Man 3 - Tony Stark's friend taking on a new super hero name/armor Iron Patriot
62%
Ant-Man - Scott Lang's former cell mate and a member of his crew Luis
61%
Captain America: The Winter Soldier - A senior leader within S.H.E.I.L.D Alexander Pierce
59%
Black Panther - T'Challa's former lover and an undercover spy at different African regions Nakia
57%
Spider-Man: Homecoming - The love interest of Peter Parker Liz
56%
Iron Man 3 - Creator of the extremis virus, obessed with Tony Strak Aldrich Killian
55%
Doctor Strange - A master of the mystic arts and mentor of Strange Karl Mordo
54%
Captain America: Civil War - Tony Stark's mother Maria Stark
54%
Iron Man - Also kidnapped by terrorist, helped the main character escape Yinsen
53%
Captain America: The Winter Soldier - Commander of S.H.E.I.L.D who ended up as hydra Brock Rumlow
50%
Thor: The Dark World - A group consisting of Fandral, Hogun and Volstagg The Warriors Three
49%
Doctor Strange - A master of the mystic arts who broke away from the ancient one Kaecilius
47%
Black Panther - A South-African black-market arms dealer, smuggler and gangster Ulysses Klaue
47%
Doctor Strange - An emergency surgeon who is Strange's love interest Christine Palmer
44%
Guardians of the Galaxy Vol. 2 - The golden high priestess and leader of the Sovereign Ayesha
42%
Thor: The Dark World - A dark elf, Malekith's most trusted and loyal lieutenant Kurse
38%
The Incredible Hulk - A cellular biologist who soon becomes a Hulk villain Samuel Sterns
35%
Avengers: Age of Ultron - Hydra leader who works on human experimentation Baron Von Strucker
33%
Iron Man 3 - A geneticist who helps create the extremis virus Maya Hansen
32%
Captain America: Civil War - A member of the CIA's joint counter terrorism counter Everett Ross
30%
No matching quizzes found
Score Distribution
Percent of People with Each Score
Percentile by Number Answered
Your Score History
You have not taken this quiz